Normal view
MARC view
Entry Topical Term
001 - CONTROL NUMBER
- control field: 355
003 - CONTROL NUMBER IDENTIFIER
- control field: OSt
005 - DATE AND TIME OF LATEST TRANSACTION
- control field: 20220906105032.0
008 - FIXED-LENGTH DATA ELEMENTS
- fixed length control field: 220906|| aca||aabn | a|a d
040 ## - CATALOGING SOURCE
- Original cataloging agency: OSt
- Transcribing agency: OSt
150 ## - HEADING--TOPICAL TERM
- Form subdivision: Surgical nursing -- problems, exercises
670 ## - SOURCE DATA FOUND
- Source citation: Work cat.: (OSt)7981: Ignatavicius, Donna D. 354, Medical-surgical nursing: patient-centered collaborative care. /, 2010.
